Ochrana podhatia vodnej stavby

Saved in:
Bibliographic Details
Main Author: Bogdányová, Eva, 1989- (Author)
Other Authors: Gramblička, Miroslav, 1962- (Thesis advisor)
Format: Manuscript Book
Language:Slovak
Published: Bratislava : STU v Bratislave SvF, 2011
Subjects:
Online Access:VAIS
Tags: Add Tag
No Tags, Be the first to tag this record!

MARC

LEADER 00000ntm a22000003a 4500
001 stu230331
005 20150617230139.6
008 110708s2011----xo------------------slo-d
040 |a STU  |b slo 
041 0 |a slo 
044 |a xo 
100 1 |a Bogdányová, Eva,  |d 1989-  |4 aut  |u V  |T SvF Stavebná fakulta  |X 57896  |U V  |Y 10  |7 A000057896 
242 0 0 |a The protection of the area under the spillway dam  |y eng 
245 1 |a Ochrana podhatia vodnej stavby 
260 |a Bratislava :  |b STU v Bratislave SvF,  |c 2011 
650 7 |a inžinierstvo životného prostredia  |2 stusub 
650 7 |a Environmental Engineering  |2 estusub 
700 1 |a Gramblička, Miroslav,  |d 1962-  |4 ths  |u V170  |U SvF Stavebná fakulta  |T SvF Katedra hydrotechniky  |X 2741  |U V170  |Y 17  |7 A000002741 
856 4 |a info a plný text  |u http://is.stuba.sk/zp/portal_zp.pl?podrobnosti=76386  |3 VAIS